Sociálne aspekty bývania

Gespeichert in:
Bibliographische Detailangaben
1. Verfasser: Pechová, Michaela, 1977-
Format: Buchkapitel
Sprache:Slowakisch
Schlagworte:
Tags: Tag hinzufügen
Keine Tags, Fügen Sie das erste Tag hinzu!

MARC

LEADER 00000naa$a2200000$$$4500
001 0050728
005 20240502071602.4
041 0 |a slo 
044 |a SK 
245 1 0 |a Sociálne aspekty bývania  |c Michaela Pechová 
610 2 0 |a bývanie 
610 2 0 |a byty sociálne 
610 2 0 |a štát 
100 1 |a Pechová, Michaela, 1977-